000 00497nam a22001097a 4500
008 110706t xxu||||| |||| 00| 0 eng d
010 _aHCROF146
245 _aHigh Court Civil Revisional Order No. DR. 1 OF 2000 (Original Mpara Court Civil Suit No. MFP. 8/1996) Kato Victoro and 12 others Vs Mushabe Venansio
260 _c2000
500 _aBEFORE: THE HONOURABLE MR. JUSTICE YOROKAMU BAMWINE
999 _c4586
_d4586